000
00336cam a2200145ua 4500
041
_a
eng
_h
082
_a
823.308
_b
MUL/YE
100
_a
Mullik, B.R.
245
_a
Yeats /
_c
B R Mullik.
_h
Textual Documents
260
_a
New Delhi :
_b
S.Chand and Co ,
_c
1961.
300
_a
60 ; .
504
_a
942
_c
BK
999
_c
12875
_d
12875